000 00320nam a2200133Ia 4500
005 20251222141904.0
008 251222s9999||||xx |||||||||||||| ||spa||
020 _a84-85402-57-X
082 _a370.152/C17
100 _aCalomarde, Joaquin
245 0 _aCómo seguir Pensando
264 _bFederico Domenech
942 _cLIB
999 _c8174
_d8174